Quizzes
Events
Quiz Creation
Community
Videos
Private Events
Remove Ads
Sign In
Join for FREE
Feedback
Dark Mode
Quiz Categories
Sports
Geography
Music
Movies
Television
Just For Fun
Miscellaneous
History
Literature
Language
Science
Gaming
Entertainment
Religion
Holiday
For Kids
Quiz Lab
Recent
Popular Today
Quiz Kudos Today
Editor Picks
Curator Picks
Quizzes by...
Day
Popularity
Type
Ratings
Length
Year
Community
Subscriptions
Recent Discussions
Orange Saloon
Badges
Playlists
Quests
Create
Leaderboards
Showdown
Live 5
Trivia Bingo
Activity
Puzzle Library
Sporcle Events
Private Events
Virtual Trivia
Globe League
Become a Host
Pub Owners
SporcleCon
Opinionation
Our Games
Videos
Blog
Mobile Apps
Partnerships
Remove Ads and Go Orange
Feedback
Just For Fun
Clickable
Get the Picture
Humor
Quick Pick
Word Ladder
Missing Word
Mixed Word
Blitz
Minefield
This or That
Alphabet
Color
Typing
Sporcle
Puzzle
Word Play
Follow That Line
Logic
Just For Fun
Clickable
Get the Picture
Humor
Quick Pick
Word Ladder
Missing Word
Mixed Word
Blitz
Minefield
This or That
Alphabet
Color
Typing
Sporcle
Puzzle
Word Play
Follow That Line
Logic
Random Quiz
Search Sporcle
×
Quiz Lab
Quiz Lab
Just For Fun
Type in answers that appear in a list
Type in answers that appear in a list
Classic
Best Score? Go Orange.
Top 50 1990 girls names (U.S.) Stats
Can you name the top 100 1990 girls names (U.S.)?
By
Elyssa
10m
50 Questions
85 Plays
85 Plays
85 Plays
Comments
Comments
Give Quiz Kudos
Give Quiz Kudos
-
- Ratings
hide this ad
Replay
Link that replays current quiz
Next Quiz
Link to next quiz in quiz playlist
You Got
0%
They Got
Avg Score
63%
Avg Friend Score
Upgrade to see
Score Distribution
Jump to the score distribution portion of the page
Score
0/50
Timer
10:00
0
Plays Today
% Correct
Emily
82.4%
Samantha
82.4%
Jessica
81.2%
Elizabeth
81.2%
Sarah
80%
Sara
80%
Lauren
78.8%
Anna
78.8%
Amanda
76.5%
Katherine
76.5%
Jennifer
75.3%
Ashley
74.1%
Rachel
74.1%
Hannah
70.6%
Mary
70.6%
Laura
70.6%
Rebecca
69.4%
Christina
69.4%
Brittany
68.2%
Michelle
68.2%
Victoria
67.1%
Alexandra
67.1%
Melissa
67.1%
Megan
65.9%
Alexis
65.9%
% Correct
Nicole
64.7%
Maria
64.7%
Taylor
61.2%
Danielle
61.2%
Courtney
60%
Olivia
60%
Erin
58.8%
Alyssa
56.5%
Allison
56.5%
Stephanie
55.3%
Chelsea
55.3%
Abigail
55.3%
Brianna
52.9%
Madison
51.8%
Heather
51.8%
Kayla
50.6%
Kaitlyn
50.6%
Amber
49.4%
Kimberly
48.2%
Haley
47.1%
Morgan
45.9%
Tiffany
45.9%
Jasmine
42.4%
Kelsey
40%
Shelby
27.1%
Quiz Playlist
Details
Report
Send in Message
Add To Playlist
Classic:
Type in answers that appear in a list
Last Updated: Feb 16, 2017
Quiz Scoreboard
CHALLENGE
Sign Up to Join the Scoreboard
Show All
Scores
Hide
Comments
May contain spoilers
Recently Published
An Introduction to Baseball
by treessimontrees
Sports
5m
Movies - When Are They Set?
by FPL_Elf
Movies
5m
Popular People in 1961
by mucciniale
History
6m
More to Explore
Quiz From the Vault
Featured Blog Post
Where Did the Easter Bunny Come From?
hide this ad
You Might Also Like...
Tags
This quiz does not have any tags.
Today's Top Quizzes in Just For Fun
Browse Just For Fun
hide this ad
Top Contributed Quizzes in Just For Fun
1
Crossword Whiteout! 49
2
Harry Potter Logic - 'In Chains' II
3
Survivor Winners Logic Puzzle
4
Zeroing In: Just For Fun
5
Thermometer Puzzle 25
6
Word Ladder: Ahoy Matey
7
1-30 Clickable Mines
8
Aquarium Logic Puzzle 17
9
Big Thermometer Puzzle 21
10
Edinburgh Fringe jokes 2015
Explore More
Trending Topics
Harry Potter
Kpop
Marvel
NBA
Crossword
Disney
Anime
Puzzle
NFL
WWE
Pokémon
Country
Song
The Office
Soccer
hide this ad
More By:
Elyssa
Quiz
Plays
Rating
Category
Featured
Created
Lady Gaga songs, A-Z
2,529
1.94
Music
Aug 8, 2010
Songs From the Movie, Mamma Mia
2,001
4.33
Music
Aug 12, 2010
Ke$ha's Songs
252
2.75
Music
Aug 10, 2010
top 50 1990 girls names (U.S.)
85
4.67
Just For Fun
Aug 7, 2010
New names a-z
3
3.00
Entertainment
Aug 8, 2010
Go to Creator's Profile
Score Distribution
Quiz Creator Spotlight
Elyssa
Follow
Send a Message
Quizzes Created
-
Created Quiz Play Count
-
More By This Creator
Popular Quizzes Today
1
Find the Countries of Europe - No Outlines Minefield
2
Find the US States - No Outlines Minefield
3
The Countries of the World
4
Popular People in 1961
5
US States
6
1-10 Letter E Words III
7
Find the US States
8
One Thing in Common: World Cities II
More Just For Fun Quizzes
Mixed Word: Cookie Types
Published
Trending Quizzes
Risky Map Clicking: Least Populous States A-Z
1-10 Letter F Words
1-10 Letter G Words
One Thing in Common: United Kingdom
Risky Map Clicking: Next State Alphabetically
Recently Updated
Leaping Animals
pecheneg
Reality TV Shows (A-Z)
bhenderson79
Rickey Henderson's Hall of Fame Teammates
pecheneg
Champions League XIs: Arsenal
pecheneg
Quick Pick: Celebrities in WWE's Hall of Fame
aduchscher
A-Z Keypad Blitz II
pecheneg
Multiple Oscar Actors
pecheneg
Mystery Phrase Blitz: Oscar 'Best Actors'
pecheneg
F. Scott Fitzgerald Novels
LTH
Pick 3 Villains
ddd62291
Trending Topics
Anime
NBA
Marvel
Disney
Harry Potter
Kpop
Crossword
The Office
Song
WWE
Puzzle
Pokémon
Country
NFL
Soccer
Your Account Isn't Verified!
In order to create a playlist on Sporcle, you need to verify the email address you used during registration. Go to your
Sporcle Settings
to finish the process.
Report this User
Report this user for behavior that violates our
Community Guidelines
.
Details:
Send Report
Go to the Sporcle.com Mobile Site →
Comments